Statistics for Самые Крупные Российские Порты

Click here to take the quiz!

General Stats

  • This quiz has been taken 172 times
  • The average score is 2 of 8

Answer Stats

Пропускная способностьПорт% Correct
118246 тоннСанкт-Петербург
84%
218875 тоннНовороссийск
60%
45023 тоннКалининград
30%
81738 тоннНаходка
28%
185000 тоннГеленджик
10%
144000 тоннУсть-Луга
9%
89500 тоннПриморск
7%
54500 тоннТамань
3%

Score Distribution

Percentile by Number Answered

Percent of People with Each Score

Your Score History

You have not taken this quiz